Sports Quiz

Random Sports or World Quiz

World Ranked Netball Countries Quiz Stats

 Plays Quiz not verified by Sporcle

Score 0/25 Timer 06:00
0 Plays Today
Country % Correct
Australia
97.2%
New Zealand
96.3%
England
94.5%
Jamaica
77.5%
South Africa
75.2%
Scotland
71.6%
Wales
67.9%
Fiji
58.9%
Canada
48.9%
Samoa
48.6%
Malawi
46.8%
Trinidad and Tobago
41.3%
Barbados
40.6%
Country % Correct
Northern Ireland
40.4%
Singapore
32.8%
Sri Lanka
26.8%
Malaysia
25.9%
Papua New Guinea
23.9%
Cook Islands
21.3%
Botswana
18.8%
St Lucia
18.1%
Namibia
15.8%
Tanzania
11%
Lesotho
7.3%
St Vincent and the Grenadines
5.5%

You're not logged in!

Compare scores with friends on all Sporcle quizzes.
OR
Log In

Show Comments

Extras

Top Quizzes Today


Score Distribution

Your Account Isn't Verified!

In order to create a playlist on Sporcle, you need to verify the email address you used during registration. Go to your Sporcle Settings to finish the process.

Report this User

Report this user for behavior that violates our Community Guidelines.

Details: